00433pab a2200133 454500008004000000100002200040245012000062260000900182300001300191362000800204650001700212650002800229773004200257180718b1998 xxu||||| |||| 00| 0 eng d aWettenhall, Roger aThe external relations of a small quasi state within a federal system: the case of the Australian capital territory c1998 ap.123-39 aMay aSmall states aPolitics and government aPublic Administration and Development